Accommodating change - planning for tomorrow's countryside in the North East (Record no. 70372)

MARC details
000 -LEADER
fixed length control field 01301cam a2200253 4500
001 - CONTROL NUMBER
control field ABS65552
008 - FIXED-LENGTH DATA ELEMENTS--GENERAL INFORMATION
fixed length control field 020528n2002 000 0 eng u
035 ## - SYSTEM CONTROL NUMBER
System control number (Sirsi) u118174
100 ## - MAIN ENTRY--PERSONAL NAME
Personal name Watkins, D
245 ## - TITLE STATEMENT
Title Accommodating change - planning for tomorrow's countryside in the North East
260 ## - PUBLICATION, DISTRIBUTION, ETC.
Date of publication, distribution, etc. 2002
490 ## - SERIES STATEMENT
Series statement Town & Country Planning
Volume/sequential designation 71(4) April 2002, 111-113(3)
520 ## - SUMMARY, ETC.
Summary, etc. Explains how the 'character approach' to land use planning being promoted by the Countryside Agency aims to help ensure that necessary development in and around rural towns and villages is sensitively designed and located to reflect local character and particularly how a briefing note recently issued in the north east seeks to apply the approach to development planning and decision-making. A copy of the briefing note, "Incorporating the character approach into development plans", can be obtained from Richard Kerven on +44 (0)191 269 1600 or [email protected]
590 ## - LOCAL NOTE (RLIN)
Local note ABS
650 ## - SUBJECT ADDED ENTRY--TOPICAL TERM
Topical term or geographic name entry element RURAL DEVELOPMENT
650 ## - SUBJECT ADDED ENTRY--TOPICAL TERM
Topical term or geographic name entry element LOCAL CHARACTER
650 ## - SUBJECT ADDED ENTRY--TOPICAL TERM
Topical term or geographic name entry element PLANNING SYSTEM
650 ## - SUBJECT ADDED ENTRY--TOPICAL TERM
Topical term or geographic name entry element RURAL COMMUNITIES
650 ## - SUBJECT ADDED ENTRY--TOPICAL TERM
Topical term or geographic name entry element BRIEFING PAPER
690 ## - LOCAL SUBJECT ADDED ENTRY--TOPICAL TERM (OCLC, RLIN)
Topical term or geographic name as entry element ENVIRONMENTAL AND LAND CONSULTANCY-PLANNING AND DEVELOPMENT
700 ## - ADDED ENTRY--PERSONAL NAME
Personal name Chambers, R
700 ## - ADDED ENTRY--PERSONAL NAME
Personal name Kerven, R
942 ## - ADDED ENTRY ELEMENTS (KOHA)
Suppress in OPAC 0
Holdings
Withdrawn status Lost status Source of classification or shelving scheme Damaged status Not for loan Home library Current library Shelving location Date acquired Total Checkouts Full call number Barcode Date last seen Copy number Price effective from Koha item type
    Dewey Decimal Classification     London London Journal article 28/05/2002   ABS65552 118174-1001 06/08/2019 1 06/08/2019 Journal article